[Event "Mondariz Balneario op"]
[Site "Mondariz Balneario"]
[Date "2022.12.28"]
[Round "6"]
[White "Draghici Flutur, Gavril"]
[Black "Otero Nogueira, Brais"]
[Result "0-1"]
[WhiteElo "2012"]
[BlackElo "2080"]
[PlyCount "186"]
[EventDate "2022.12.26"]
[EventType "swiss"]
[EventRounds "8"]
[EventCountry "ESP"]
[SourceTitle "CBM 212 Extra"]
[Source "ChessBase"]
[SourceDate "2023.03.31"]
[SourceVersion "1"]
[SourceVersionDate "2023.03.31"]
[SourceQuality "1"]

1. e4 c5 2. Nc3 Nc6 3. Bb5 Nd4 4. Bc4 g6 5. Nf3 Bg7 6. Nxd4 cxd4 7. Qf3 e6 8. Nb5 d5 9. exd5 a6 10. dxe6 fxe6 11. Na3 Nf6 12. Qe2 Nd5 13. Qf3 Nf6 14. Qh3 0-0 15. Bxe6+ Bxe6 16. Qxe6+ Kh8 17. 0-0 d3 18. Nc4 Qc7 19. cxd3 Rae8 20. Qd6 Qc8 21. b3 Rd8 22. Qa3 b5 23. Ne5 Nd5 24. Bb2 b4 25. Qa5 Rf5 26. Rac1 Qa8 27. d4 Nf4 28. Rc6 Nd3 29. Rxa6 Qb8 30. Ba1 Nf4 31. Qb6 Qc8 32. Qc6 Qb8 33. Rb6 Qc8 34. Qxc8 Rxc8 35. Rxb4 Ne2+ 36. Kh1 Rxf2 37. Rd1 Nf4 38. Rc4 Rf8 39. g3 Nh3 40. Rcc1 Ng5 41. h4 Ne4 42. Rg1 Re2 43. Rg2 Nf2+ 44. Kg1 Rxd2 45. d5 Rxa2 46. Bd4 Nd3 47. Rxa2 Nxc1 48. Ra7 Ne2+ 49. Kg2 Nxd4 50. Nd7 Rd8 51. b4 Nb5 52. Rb7 Nd6 53. Rb6 Nf5 54. Nc5 Ne3+ 55. Kh3 Nxd5 56. Rb7 Be5 57. Ne6 Rb8 58. Rd7 Nxb4 59. Ng5 Bg7 60. Ne6 Bf6 61. Rf7 Nd5 62. Rd7 Re8 63. Nc5 Ne3 64. Rf7 Bg7 65. Rb7 Nf5 66. Kg4 Kg8 67. h5 Ne3+ 68. Kf3 Nf5 69. hxg6 hxg6 70. g4 Nd4+ 71. Kg3 Be5+ 72. Kg2 Rc8 73. Nd7 Rc2+ 74. Kf1 Nf3 75. g5 Bd4 76. Nf6+ Bxf6 77. gxf6 Ne5 78. Rg7+ Kf8 79. Re7 Ng4 80. Rg7 Rf2+ 81. Ke1 Rxf6 82. Ra7 Ne5 83. Ke2 Nf7 84. Ra8+ Kg7 85. Rb8 g5 86. Rc8 Kg6 87. Rg8+ Kh5 88. Rg7 g4 89. Rh7+ Kg6 90. Rh4 Kg5 91. Rh7 g3 92. Rh3 Kg4 93. Rh7 g2 0-1

[Event "Mondariz Balneario op 3rd"]
[Site "Mondariz Balneario"]
[Date "2016.08.19"]
[Round "3.12"]
[White "Castro Uceda, Jose Antonio"]
[Black "Otero Nogueira, Brais"]
[Result "0-1"]
[WhiteElo "1530"]
[BlackElo "1930"]
[PlyCount "80"]
[EventDate "2016.08.17"]
[EventType "swiss"]
[EventRounds "9"]
[EventCountry "ESP"]
[SourceTitle "EXT 2024"]
[Source "ChessBase"]
[SourceDate "2023.10.10"]
[SourceVersion "1"]
[SourceVersionDate "2023.10.10"]
[SourceQuality "1"]

1. d4 Nf6 2. c4 c5 3. dxc5 g6 4. Nc3 Bg7 5. e4 Qa5 6. Bd2 Qxc5 7. Be2 0-0 8. Nf3 d6 9. 0-0 Nc6 10. Be3 Qa5 11. a3 Ng4 12. Qd2 Nxe3 13. Qxe3 Ne5 14. Rac1 Ng4 15. Qd3 Nf6 16. Rc2 Be6 17. Nd5 Rfe8 18. b4 Qd8 19. Nd4 Bd7 20. Bf3 Rc8 21. c5 Ba4 22. Rcc1 dxc5 23. Rxc5 Nd7 24. Ra5 Ne5 25. Qb1 Nxf3+ 26. Nxf3 Bc2 27. Qa2 Bxe4 28. Ng5 Bd3 29. Rd1 Bc4 30. Qd2 e6 31. Ne3 Qxd2 32. Rxd2 a6 33. Rc5 Rxc5 34. bxc5 Bb5 35. Ne4 Rc8 36. h3 h6 37. Nd6 Rxc5 38. Nxb7 Rc1+ 39. Kh2 Be5+ 40. g3 Bc6 0-1

[Event "Mondariz op 9th"]
[Site "Mondariz Balneario"]
[Date "2011.08.28"]
[Round "7.15"]
[White "Suarez Gomez, Julio"]
[Black "Otero Nogueira, Brais"]
[Result "1/2-1/2"]
[WhiteElo "1819"]
[BlackElo "1952"]
[PlyCount "82"]
[EventDate "2011.08.22"]
[EventType "swiss"]
[EventRounds "7"]
[EventCountry "ESP"]
[SourceTitle "EXT 2024"]
[Source "ChessBase"]
[SourceDate "2023.10.10"]
[SourceVersion "1"]
[SourceVersionDate "2023.10.10"]
[SourceQuality "1"]

1. e4 c5 2. d3 d5 3. Nd2 dxe4 4. dxe4 g6 5. f4 Bg7 6. Ngf3 Nc6 7. c3 Nf6 8. Bc4 0-0 9. 0-0 a6 10. a4 Na5 11. Ba2 b5 12. axb5 axb5 13. Qe2 Ba6 14. e5 b4 15. c4 Nd5 16. Qe4 Nb6 17. b3 Bb7 18. Qe3 Qc7 19. Bb2 Rfd8 20. Bb1 Nd7 21. h4 e6 22. g4 Nc6 23. Rxa8 Bxa8 24. h5 Re8 25. hxg6 hxg6 26. Ne4 Qd8 27. Rd1 Nd4 28. Nxd4 cxd4 29. Qxd4 Qh4 30. Qxd7 Qxg4+ 31. Kf1 Qxf4+ 32. Nf2 Rf8 33. Qd4 Qf3 34. Be4 Bxe4 35. Qxe4 Qxb3 36. Rd2 Bh6 37. Re2 Rd8 38. Kg2 Rd2 39. Rxd2 Bxd2 40. Nd3 Bc3 41. Bc1 Qc2+ 1/2-1/2

[Event "Mondariz op 9th"]
[Site "Mondariz Balneario"]
[Date "2011.08.23"]
[Round "2.4"]
[White "Otero Nogueira, Brais"]
[Black "Villalonga Coll, Jaume"]
[Result "1/2-1/2"]
[WhiteElo "1952"]
[BlackElo "2129"]
[PlyCount "117"]
[EventDate "2011.08.22"]
[EventType "swiss"]
[EventRounds "7"]
[EventCountry "ESP"]
[SourceTitle "EXT 2024"]
[Source "ChessBase"]
[SourceDate "2023.10.10"]
[SourceVersion "1"]
[SourceVersionDate "2023.10.10"]
[SourceQuality "1"]

1. Nf3 Nf6 2. g3 b6 3. Bg2 Bb7 4. d4 e6 5. Bf4 c5 6. c3 Be7 7. 0-0 0-0 8. Re1 cxd4 9. cxd4 d6 10. Nc3 Ne4 11. Qc2 f5 12. Qb3 Qd7 13. Nxe4 Bd5 14. Qe3 Bxe4 15. Bg5 Nc6 16. Bxe7 Nxe7 17. Rac1 Rac8 18. Ng5 Nd5 19. Qd2 Bxg2 20. Kxg2 h6 21. Nf3 f4 22. Rxc8 Rxc8 23. Rc1 fxg3 24. hxg3 Rc6 25. Rxc6 Qxc6 26. Qd3 Kf7 27. a3 a5 28. e4 Nf6 29. e5 dxe5 30. dxe5 Nd7 31. Qd4 g5 32. g4 Nc5 33. b4 axb4 34. axb4 Nd7 35. Kg3 Qd5 36. Qe3 Qc4 37. Qd2 Ke8 38. Qd4 Qd5 39. Qxd5 exd5 40. e6 Nf8 41. Nd4 Ke7 42. Nf5+ Kxe6 43. Nxh6 d4 44. Kf3 Kd5 45. Nf7 Ne6 46. Ke2 Kc4 47. Nd6+ Kxb4 48. Kd3 Kc5 49. Ne4+ Kd5 50. Nf6+ Ke5 51. Nd7+ Kf4 52. Nxb6 Kxg4 53. Ke4 d3 54. Kxd3 Kf3 55. Nc4 Nc5+ 56. Kd4 Nd7 57. Ne5+ Kxf2 58. Nxd7 g4 59. Nf6 1/2-1/2

[Event "Mondariz op 9th"]
[Site "Mondariz Balneario"]
[Date "2011.08.22"]
[Round "1.19"]
[White "Represa Perez, Mireya"]
[Black "Otero Nogueira, Brais"]
[Result "0-1"]
[WhiteElo "1410"]
[BlackElo "1952"]
[PlyCount "146"]
[EventDate "2011.08.22"]
[EventType "swiss"]
[EventRounds "7"]
[EventCountry "ESP"]
[SourceTitle "EXT 2024"]
[Source "ChessBase"]
[SourceDate "2023.10.10"]
[SourceVersion "1"]
[SourceVersionDate "2023.10.10"]
[SourceQuality "1"]

1. d4 Nf6 2. Nf3 g6 3. c4 c5 4. d5 b5 5. cxb5 a6 6. b6 Qxb6 7. Nc3 d6 8. e4 Bg7 9. Bd3 0-0 10. Qc2 a5 11. 0-0 Ba6 12. Bxa6 Nxa6 13. b3 Nb4 14. Qe2 Nxe4 15. Qxe4 Bxc3 16. Bh6 Bg7 17. Bxg7 Kxg7 18. a3 Na6 19. Rab1 Qb7 20. Rfe1 Rfe8 21. Re3 Nc7 22. Rd1 Rad8 23. Ng5 h6 24. Nh3 e6 25. dxe6 Qxe4 26. Rxe4 Nxe6 27. Rde1 Rb8 28. R4e3 Red8 29. f4 Nd4 30. Rb1 Nc2 31. Rd3 Nxa3 32. Ra1 Nc2 33. Rxa5 Nd4 34. Ra3 Rb6 35. Nf2 Ne2+ 36. Kf1 Nxf4 37. Rf3 Ne6 38. Ne4 Nd4 39. Rd3 f5 40. Nd2 Rdb8 41. Nc4 Rxb3 42. Raxb3 Rxb3 43. Rxb3 Nxb3 44. Nxd6 Kf6 45. Ke2 Ke6 46. Nc4 Kd5 47. Nb6+ Ke4 48. Nc4 Nd4+ 49. Kd2 Ne6 50. Kc3 Nf4 51. g3 Ne2+ 52. Kd2 Nd4 53. Kc3 Nf3 54. h3 Ng1 55. Nd2+ Ke3 56. Nc4+ Kf3 57. Ne5+ Kxg3 58. Nxg6 Nxh3 59. Kc4 f4 60. Kxc5 f3 61. Ne5 f2 62. Nd3 f1Q 63. Kd4 Nf4 64. Nxf4 Qxf4+ 65. Kd5 Qe3 66. Kd6 Qe4 67. Kd7 Qe5 68. Kd8 Qg7 69. Kc8 Kf4 70. Kb8 Ke5 71. Kc8 Kd6 72. Kb8 Kc6 73. Ka8 Qb7# 0-1

[Event "Gallego-ch U18"]
[Site "Pontedeume A Coruna"]
[Date "2010.02.13"]
[Round "1.5"]
[White "Otero Nogueira, Brais"]
[Black "Vazquez Silva, Andres Miguel"]
[Result "1-0"]
[WhiteElo "1934"]
[BlackElo "1430"]
[PlyCount "43"]
[EventDate "2010.02.13"]
[EventType "swiss"]
[EventRounds "8"]
[EventCountry "ESP"]
[SourceTitle "EXT 2024"]
[Source "ChessBase"]
[SourceDate "2023.10.10"]
[SourceVersion "1"]
[SourceVersionDate "2023.10.10"]
[SourceQuality "1"]

1. e4 d5 2. exd5 Nf6 3. Nf3 Bg4 4. Be2 Nxd5 5. d4 Nc6 6. 0-0 g6 7. h3 Bf5 8. c4 Nb6 9. d5 Na5 10. Bd2 Bg7 11. Qc1 Na4 12. Nc3 Nxc3 13. Bxc3 0-0 14. Bxg7 Kxg7 15. Qc3+ f6 16. Qxa5 b6 17. Qc3 Kh8 18. Nd4 Rg8 19. Bf3 Qd6 20. Rfe1 Rg7 21. Nxf5 gxf5 22. Re6 1-0

[Event "Gallego-ch U18"]
[Site "Pontedeume A Coruna"]
[Date "2010.02.13"]
[Round "2.5"]
[White "Rodriguez Dominguez, Javier"]
[Black "Otero Nogueira, Brais"]
[Result "0-1"]
[WhiteElo "1605"]
[BlackElo "1934"]
[PlyCount "64"]
[EventDate "2010.02.13"]
[EventType "swiss"]
[EventRounds "8"]
[EventCountry "ESP"]
[SourceTitle "EXT 2024"]
[Source "ChessBase"]
[SourceDate "2023.10.10"]
[SourceVersion "1"]
[SourceVersionDate "2023.10.10"]
[SourceQuality "1"]

1. e4 c5 2. Nf3 d6 3. Nc3 Nf6 4. Bc4 Nc6 5. d3 g6 6. Nd5 Bg7 7. c3 0-0 8. Nxf6+ Bxf6 9. Bh6 Re8 10. Bg5 Bg7 11. Qd2 Rb8 12. Qf4 Rf8 13. Bh6 e5 14. Qe3 b5 15. Bxg7 Kxg7 16. Bb3 b4 17. Bd5 Ne7 18. c4 f5 19. b3 Nxd5 20. exd5 f4 21. Qe2 Qf6 22. Rd1 Bg4 23. h3 Bh5 24. Qe4 Rbe8 25. Ke2 g5 26. Kf1 Bg6 27. Qe2 e4 28. dxe4 Rxe4 29. Qd2 Rfe8 30. Re1 Rxe1+ 31. Nxe1 Qa1 32. g3 f3 0-1

[Event "Burgas op 18th"]
[Site "Ourense"]
[Date "2009.07.08"]
[Round "2"]
[White "Gomez Ledo, Roberto Carlos"]
[Black "Otero Nogueira, Brais"]
[Result "1-0"]
[WhiteElo "2404"]
[BlackElo "1894"]
[PlyCount "55"]
[EventDate "2009.07.07"]
[EventType "swiss"]
[EventRounds "9"]
[EventCountry "ESP"]
[SourceTitle "CBM 131 Extra"]
[Source "ChessBase"]
[SourceDate "2009.09.03"]
[SourceVersion "2"]
[SourceVersionDate "2009.09.16"]
[SourceQuality "1"]

1. d4 Nf6 2. Bg5 Ne4 3. Bf4 c5 4. f3 Qa5+ 5. c3 Nf6 6. d5 d6 7. e4 Nbd7 8. Na3 g6 9. Qd2 Rb8 10. Nc4 Qc7 11. a4 a6 12. a5 b5 13. axb6 Nxb6 14. Bd3 Bg7 15. Ne2 Qb7 16. Ra2 0-0 17. 0-0 Nfd7 18. Na5 Qc7 19. Nc6 Ne5 20. Bxe5 Bxe5 21. Nxb8 Qxb8 22. Bxa6 Bxa6 23. Rxa6 Nc4 24. Qd3 Nxb2 25. Qc2 Nc4 26. Rb1 Qc8 27. Ra4 Ne3 28. Qd3 1-0

[Event "Burgas op 17th"]
[Site "Ourense"]
[Date "2008.07.03"]
[Round "1"]
[White "Rusev, Krasimir"]
[Black "Otero Nogueira, Brais"]
[Result "1-0"]
[WhiteElo "2508"]
[BlackElo "1917"]
[PlyCount "59"]
[EventDate "2008.07.03"]
[EventType "swiss"]
[EventRounds "9"]
[EventCountry "ESP"]
[SourceTitle "CBM 125 Extra"]
[Source "ChessBase"]
[SourceDate "2008.09.01"]
[SourceVersion "1"]
[SourceVersionDate "2008.09.01"]
[SourceQuality "1"]

1. d4 Nf6 2. Bg5 g6 3. Bxf6 exf6 4. e3 Bg7 5. c4 d6 6. Nc3 f5 7. Nge2 Nd7 8. g3 Nf6 9. Bg2 0-0 10. 0-0 c6 11. b4 Qe7 12. Qd3 Re8 13. b5 Bd7 14. Rab1 Rab8 15. Rb3 Ne4 16. Rfb1 h5 17. bxc6 Bxc6 18. Nf4 Nxc3 19. Bxc6 bxc6 20. Rxb8 Nxb1 21. Rxb1 Bh6 22. Ng2 Bg5 23. h4 Bf6 24. Nf4 Qc7 25. Qb3 Kf8 26. Qa3 Rb8 27. Rb3 Ke8 28. Qa4 Kd7 29. Nd5 Qc8 30. Qxa7+ 1-0

[Event "Mondariz op 5th"]
[Site "Mondariz"]
[Date "2007.08.28"]
[Round "4"]
[White "Rodriguez Lopez, Rafael"]
[Black "Otero Nogueira, Brais"]
[Result "1/2-1/2"]
[WhiteElo "2292"]
[BlackElo "1885"]
[PlyCount "69"]
[EventDate "2007.08.25"]
[EventType "swiss"]
[EventRounds "9"]
[EventCountry "ESP"]
[SourceTitle "CBM 120 Extra"]
[Source "ChessBase"]
[SourceDate "2007.11.01"]
[SourceVersion "1"]
[SourceVersionDate "2007.11.01"]
[SourceQuality "1"]

1. d4 Nf6 2. Nf3 g6 3. c4 Bg7 4. Nc3 d6 5. e4 0-0 6. Be2 e5 7. Be3 Nc6 8. d5 Ne7 9. Nd2 Ne8 10. c5 f5 11. f3 b6 12. cxd6 Nxd6 13. Qb3 fxe4 14. fxe4 Bd7 15. Nb5 Nec8 16. 0-0-0 Nxb5 17. Bxb5 Nd6 18. Bxd7 Qxd7 19. h3 a5 20. Qd3 b5 21. Nb3 Nc4 22. Nc5 Qe8 23. Ne6 Rf7 24. Rhf1 a4 25. Rxf7 Qxf7 26. Rf1 Qd7 27. Kb1 Re8 28. Nc5 Qe7 29. Qe2 Rf8 30. Rxf8+ Bxf8 31. Ne6 Qb4 32. Nxf8 Qxf8 33. Bc1 Qb4 34. Qg4 Na3+ 35. Ka1 1/2-1/2